| 000 | 01496nam a2200313 i 4500 | ||
|---|---|---|---|
| 003 | DO-SdBNP | ||
| 005 | 20260407105326.0 | ||
| 007 | ta | ||
| 008 | 201207b 2011 dr 00| 0 eng d | ||
| 020 | _a9789945862584 | ||
| 040 |
_aDO-SdBNP _bspa _cBNPHU _erda |
||
| 041 | _aspa | ||
| 082 | 4 |
_axxx _bM433a _222 |
|
| 100 | 1 |
_aMatos Moquete, Manuel, _d1944- _eautor _4aut. _96349 |
|
| 245 | 1 | 0 |
_aArtículos de temporada / _cManuel Matos Moquete. |
| 250 | _aprimera edición | ||
| 264 | 4 |
_aSanto Domingo : _bPublicaciones Matos Moquete, _c©2011. |
|
| 300 |
_a167 páginas : _bilustraciones ; _c21 cm. |
||
| 336 |
_atexto _btxt _2rdacontent |
||
| 337 |
_asin mediación _bn _2rdamedia |
||
| 338 |
_avolumen _bnc _2rdacarrier |
||
| 500 | _aIncluye datos biográficos del autor en la contracubierta. | ||
| 505 | 0 |
_aProloguito -- _tDe Consumo Internacional-- _tLa época de la publicidad -- _tInnecesario ejercicio de futurología -- _tChatear : la mala palabra de la hora -- _tLo lúdico y lo hedonista -- _tDe consumo Nacional-- _tCon el tiempo y un palito -- _tLos piropos de los barrios -- _tLos demonios de Trujillo -- _tLos tópicos trujillistas -- _tEl arroz : monumento cultural -- _tDe Consumo Personal-- _tMis hijos, esos extraños -- _tPor la juventud joven -- _tHomenaje a nuestros peloteros -- _tFeliz, a pesar de todo -- _tEl vino de Neyba. |
|
| 590 | _aInventariado, 2020 /LP | ||
| 650 | 4 |
_aEnsayos dominicanos _965 |
|
| 650 | 4 |
_aLiteratura dominicana. _967 |
|
| 910 | _aBtavárez | ||
| 942 |
_2ddc _cLBS1 |
||
| 999 |
_c49254 _d49254 |
||